Ostatni gasi światło

Titel: Ostatni gasi światło : przypowieści o transformacji / Marta Madejska
Verfasser:
Ausgabe: Wydanie I
Veröffentlicht: Wołowiec : Wydawnictwo Czarne, 2025
Umfang: 309 Seiten : Illustrationen
Format: Buch
Sprache: Polnisch
Schriftenreihe/
mehrbändiges Werk:
Reportaż
RVK-Notation:
Schlagworte:
Andere Ausgaben: Erscheint auch als Online-Ausgabe
ISBN: 9788383961996 ; 9788383962375
Buchumschlag
X
alg: 53977066
001A    $00026:01-12-25 
001B    $01999:01-04-26 $t12:19:51.000 
001D    $00026:07-01-26 
001U    $0utf8 
001X    $00 
002@    $0Aau 
002C    $aText $btxt $2rdacontent 
002D    $aohne Hilfsmittel zu benutzen $bn $2rdamedia 
002E    $aBand $bnc $2rdacarrier 
003@    $0539770663 
003O    $01569264755 $aOCoLC 
004A    $A978-83-8396-199-6 
004O    $A978-83-8396-237-5 $So 
007A    $0539770663 $aHEB 
007G    $0 
009P    $qapplication/pdf $A2 $3Buch Bibliographie $uhttp://scans.hebis.de/HEBCGI/show.pl?53977066_bib.pdf $mV:DE-603;B:DE-Mb50 
009P    $qapplication/pdf $A2 $3Cover $uhttp://scans.hebis.de/HEBCGI/show.pl?53977066_cov.pdf $mV:DE-603;B:DE-Mb50 
009P    $qapplication/pdf $A2 $3Abstract $uhttp://scans.hebis.de/HEBCGI/show.pl?53977066_sum.pdf $mV:DE-603;B:DE-Mb50 
009P    $qapplication/pdf $A2 $3Inhaltsverzeichnis $uhttp://scans.hebis.de/HEBCGI/show.pl?53977066_toc.pdf $mV:DE-603;B:DE-Mb50 
010@    $apol 
010E    $erda 
011@    $a2025 
021A    $aOstatni gasi światło $dprzypowieści o transformacji $hMarta Madejska 
028A    $BVerfasser $4aut $71172759367 $8Madejska, Marta$Z1987- [Tp3] $9439566487 
032@    $aWydanie I 
033A    $pWołowiec $nWydawnictwo Czarne 
034D    $a309 Seiten 
034M    $aIllustrationen 
036G    $aReportaż 
037A    $aQuellen- und Literaturverzeichnis Seite 289-[296] 
039D    $aErscheint auch als $z978-83-8396-237-5 $nOnline-Ausgabe 
044K    $RPolen-Litauen $RKongresspolen $RWestgalizien $RStaat Krakau $#Generalgouvernement Polen $#Polska $#Rzeczpospolita Polska $#Polska Rzeczpospolita Ludowa $#Poland $#Pologne $#République Polonaise $#Generalne Gubernatorstwo w Polsce $#Polish People's Republic $#Polska Rzeczpospolita Polen $#PRL $#RP $#Polen Generalgouvernement $#Polska Generalgouvernement $#Besetzte Polnische Gebiete $#Besetztes Gebiet in Polen $#Okupowane Polskie Obszary $#Obszary Okupowane w Polsce $#Volksrepublik Polen $#Polska Rosyjska $#Republic Polen $#Respublika Pol'ša $#Pol'skaja Narodnaja Respublika $#République de Pologne $#Polen Links der Weichsel $#Polska po Lewej Stronie Wisły $#Lenkija $#Polija $#Gubernija Carstva Pol'skago $#Republik Polen $74046496-9 $8Polen [Tg1] $9085129801 
044K    $RSituation $RSoziale Stellung $RLebensbedingungen $#Social conditions $#Conditions sociales $#Soziale Lage $#soziale Lage $#Soziale Lage $#Soziale Lage $#Soziale Verhältnisse $#Soziallage $#Sozialverhältnisse $#Soziale Bedingungen $74077575-6 $8Soziale Situation [Ts1] $9085219878 
044K    $#Umsetzung $74451062-7 $8Transformation [Ts1] $908884580X 
044K    $REntstaatlichung $RDeregulierung $RContracting-out $#Privatization $#Privatisations $#Privatisierung $#Privatisierung $#Privatisierung $74047297-8 $8Privatisierung [Ts1] $908513192X 
044K    $#Economic conditions $#Conditions économiques $#Economia $#Wirtschaftslage $#wirtschaftliche Lage $#Wirtschaftslage $#Wirtschaftliche Situation $#Wirtschaftslage $#Wirtschaftssituation $#Wirtschaftliche Verhältnisse $74248362-1 $8Wirtschaftliche Lage [Ts1] $9086310615 
044K    $RGedächtnis $RGeschichtspolitik $#Collective memory $#Mémoire collective $#Memoria collettiva $#Memoria colectiva $#kollektives Gedächtnis $#kollektives Wissen $#Erinnerungspolitik/Erinnerungskultur $#Kollektive Erinnerung $#Kulturelles Gedächtnis $#Erinnerungskultur $#Gedächtniskultur $#Memorialkultur $#Gedenkkultur $74200793-8 $8Kollektives Gedächtnis [Ts1] $9086014900 
045F    $a306.0943809049 $eDDC23BSB 
045F/01 $a306.09 
045F/03 $f09049 
045F/03 $f0905 
045F/03 $g438 
045G    $a330.0943809049 $eDDC23BSB 
045G/01 $a330.09 
045G/03 $f09049 
045G/03 $f0905 
045G/03 $g438 
045R    $aGeschichte 1989-2025 
045Z    $8KP 5420 [Tkv] $940928002X 

lok: 53977066 24

exp: 53977066 24 1 #EPN
201B/01 $002-02-26 $t13:58:18.000 
201C/01 $019-01-26 
201U/01 $0utf8 
203@/01 $01332364985 
208@/01 $a02-02-26 $bz 
209A/01 $a26.00081 $du $f050 $h26 00081 $x00 
209C/01 $a26.00081 K $h26 00081 K 
209G/01 $a75174390 $x00 
220C/01 $ahae 
247C/01 $8358050-7 Marburg, Bibliothek des Herder-Instituts Marburg $9102600961 

lok: 53977066 204

exp: 53977066 204 1 #EPN
201B/01 $027-03-26 $t09:01:56.000 
201C/01 $001-12-25 
201U/01 $0utf8 
203@/01 $01327540630 
208@/01 $a27-03-26 $bzUB 
209A/01 $a000 KP 5420 M181 $du $f000 $x00 
209G/01 $a65005018 $x00 
247C/01 $8631000-x <26>Gießen, Universität Gießen, Universitätsbibliothek Gießen $9102596697
LEADER 00000cam a2200000 c 4500
001 539770663
003 DE-603
005 20260401121951.0
007 tu
008 251201s2025 xx |||| | u00||u|pol c
020 |a 9788383961996 
035 |a (DE-599)HEB539770663 
035 |a (OCoLC)1569264755 
040 |a DE-603  |b ger  |c DE-603  |d DE-603  |e rda 
041 |a pol 
082 0 4 |8 1\u  |a 306.0943809049  |q DE-101  |2 23/BSB 
083 0 |8 2\u  |a 330.0943809049  |q DE-101  |2 23/BSB 
084 |a KP 5420  |0 (DE-625)81363:  |0 (DE-603)40928002X  |2 rvk 
085 |8 1\u  |b 306.09 
085 |8 1\u  |z 1  |s 09049 
085 |8 1\u  |z 1  |s 0905 
085 |8 1\u  |z 2  |s 438 
085 |8 2\u  |b 330.09 
085 |8 2\u  |z 1  |s 09049 
085 |8 2\u  |z 1  |s 0905 
085 |8 2\u  |z 2  |s 438 
100 1 |a Madejska, Marta  |d 1987-  |e Verfasser  |4 aut  |0 (DE-603)439566487  |0 (DE-588)1172759367  |2 gnd 
245 0 0 |a Ostatni gasi światło  |b przypowieści o transformacji  |c Marta Madejska 
250 |a Wydanie I 
264 1 |a Wołowiec  |b Wydawnictwo Czarne  |c 2025 
300 |a 309 Seiten  |b Illustrationen 
336 |a Text  |b txt  |2 rdacontent 
337 |a ohne Hilfsmittel zu benutzen  |b n  |2 rdamedia 
338 |a Band  |b nc  |2 rdacarrier 
490 0 |a Reportaż 
500 |a Quellen- und Literaturverzeichnis Seite 289-[296] 
648 7 |a Geschichte 1989-2025  |2 gnd 
650 7 |a Soziale Situation  |0 (DE-588)4077575-6  |0 (DE-603)085219878  |2 gnd 
650 7 |a Transformation  |0 (DE-588)4451062-7  |0 (DE-603)08884580X  |2 gnd 
650 7 |a Privatisierung  |0 (DE-588)4047297-8  |0 (DE-603)08513192X  |2 gnd 
650 7 |a Wirtschaftliche Lage  |0 (DE-588)4248362-1  |0 (DE-603)086310615  |2 gnd 
650 7 |a Kollektives Gedächtnis  |0 (DE-588)4200793-8  |0 (DE-603)086014900  |2 gnd 
651 7 |a Polen  |0 (DE-588)4046496-9  |0 (DE-603)085129801  |2 gnd 
776 0 8 |i Erscheint auch als  |n Online-Ausgabe  |z 9788383962375 
776 1 |z 9788383962375 
856 4 2 |m V:DE-603;B:DE-Mb50  |q application/pdf  |u http://scans.hebis.de/HEBCGI/show.pl?53977066_bib.pdf  |3 Buch Bibliographie 
856 4 2 |m V:DE-603;B:DE-Mb50  |q application/pdf  |u http://scans.hebis.de/HEBCGI/show.pl?53977066_cov.pdf  |3 Cover 
856 4 2 |m V:DE-603;B:DE-Mb50  |q application/pdf  |u http://scans.hebis.de/HEBCGI/show.pl?53977066_sum.pdf  |3 Abstract 
856 4 2 |m V:DE-603;B:DE-Mb50  |q application/pdf  |u http://scans.hebis.de/HEBCGI/show.pl?53977066_toc.pdf  |3 Inhaltsverzeichnis 
924 0 |9 Mb 50  |a (DE-603)1332364985  |b DE-Mb50  |c HES  |d c  |g 26.00081 
924 0 |9 26  |a (DE-603)1327540630  |b DE-26  |c HES  |d c  |g 000 KP 5420 M181